| 000 | 00947cab a2200277 4500 | ||
|---|---|---|---|
| 001 | ABS48123 | ||
| 008 | 090401t1993 xxu||||| |||| 00| 0 eng d | ||
| 035 | _a(Sirsi) u65116 | ||
| 041 | _aeng | ||
| 245 | _aCommon Land | ||
| 260 | _c1993 | ||
| 350 | _a0 | ||
| 490 |
_aCS Monthly : Rural Practice _v2(6) March 1993, 5-6(2) |
||
| 520 | _aDefines the terms `common land` and `common rights`, describes the progress of registration and explains the various rights of common: estovers, turbary, pannage, piscary and soil. Access, easements and fencing are also covered. | ||
| 650 | _aCOMMON LAND (RECTIFICATION OF REGISTERS) ACT 1989 | ||
| 650 | _aCOMMON LAND | ||
| 650 | _aCOMMONS REGISTRATION ACT 1965 | ||
| 650 | _aENCLOSURE | ||
| 650 | _aLAND REGISTRATION ACT 1925 | ||
| 650 | _aLAW OF PROPERTY ACT 1925 S194 | ||
| 650 | _aMENTOR | ||
| 690 | _aLAND | ||
| 690 | _aPROPERTY LAW AND PRACTICE | ||
| 942 | _n0 | ||
| 948 | _c04/03/1997 | ||
| 999 |
_c40590 _d40590 |
||